• 首页
  • 本馆介绍
  • 公告通知
  • 最新文献
  • 馆藏检索
  • 电子资源
  • 读者导购
  • 参考咨询
  • 我的图书馆
  • 登录
  • 详细信息显示
  • 放入我的书架
  • 预约/预借图书
  • 作者相关作品
  • 分类相关作品
  • 丛书相关作品
  • 出版社相关作品

书目信息

  • 表格格式
  • 工作单格式
  • 卡片格式
题名:
有机化合物的电化学氟化
    
 
作者: 胡振亚 选译
分册:  
出版信息: 北京   科学出版社  1961.10
页数: 123页
开本: 19cm
丛书名:
单 册:
中图分类: O622 , O62
科图分类:
主题词: 有机化学
电子资源:
ISBN:
000 00586nam0 2200217 45
001 1556474453
005 20150129161015.28
010    @dCNY0.60
091    @a13031.15
100    @a20040524d1961 km y0chiy0120 ea
101 0  @achi
200 1  @a有机化合物的电化学氟化@AYou Ji Hua He Wu De Dian Hua Xue Fu Hua@f胡振亚等选译@FHu Zhen Ya Deng Xuan Yi
210    @a北京@c科学出版社@d1961.10
215    @a123页@d19cm
300    @a化学译丛
606 0  @a有机化学
690    @aO622@v3
690    @aO62@v4
701  0 @a胡振亚@4选译
801    @aCN@bTSSF@c20150129
905    @f1@bZUCC@dO62@eJY11
    
    有机化合物的电化学氟化/胡振亚等选译.-北京:科学出版社,1961.10
    123页;19cm
    化学译丛
    
    ISBN :CNY0.60
    
●
相关链接 在E读中查询图书 在五车中查询图书 在当当中查询图书 在豆瓣中查询图书


正题名:有机化合物的电化学氟化     索取号:O62/JY11         预约/预借

序号 登录号 条形码 馆藏地/架位号 状态 备注
1 7862862   278628629   学院路分馆/ [索取号:O62/JY11] 在馆    
唐山师范学院图书馆 欢迎您!
大连网信软件有限公司© 版权所有